[Event "Campionatul National de sah pe echipe f"]
[Site "Mamaia-Constanta"]
[Date "2013.09.04"]
[Round "5.4"]
[White "Firaru, Roxana-Maria"]
[Black "Serbanescu, Diana-Maria"]
[Result "0-1"]
[WhiteElo "1684"]
[BlackElo "1941"]
[PlyCount "34"]
[EventDate "2013.08.31"]
[EventRounds "9"]
[WhiteTeam "CS UNIVERSITATEA ARAD"]
[BlackTeam "ACS SAH APA NOVA BUCURESTI"]

1. e4 e5 2. f4 d5 3. exd5 e4 4. d3 Nf6 5. c4 c6 6. dxc6 Nxc6 7. a3 Bc5 8. Nc3
Bg4 9. Qc2 O-O 10. Nxe4 Re8 11. Be2 Nd4 12. Qb1 Bxe2 13. Nxe2 Nxe2 14. Kxe2 Qd4
15. Rf1 Nxe4 16. dxe4 Rxe4+ 17. Qxe4 Qxe4+ 0-1

[Event "Campionatul National de sah pe echipe f"]
[Site "Mamaia-Constanta"]
[Date "2013.09.05"]
[Round "6.1"]
[White "Marin, Irina-Luiza"]
[Black "Florea, Dorina"]
[Result "1/2-1/2"]
[WhiteElo "2130"]
[BlackElo "1863"]
[PlyCount "58"]
[EventDate "2013.08.31"]
[EventRounds "9"]
[WhiteTeam "CLUBUL CENTRAL DE SAH BUCURESTI"]
[BlackTeam "CS UNIVERSITATEA ARAD"]

1. c4 Nf6 2. g3 e6 3. Nf3 d5 4. b3 Be7 5. Bg2 O-O 6. O-O c6 7. Bb2 Nbd7 8. d3
Qc7 9. Qc2 Ng4 10. Nc3 Nge5 11. Nxe5 Nxe5 12. cxd5 cxd5 13. Rac1 Nc6 14. e3 Bd7
15. a3 Rac8 16. b4 a6 17. Na4 Qd8 18. Nc5 b6 19. Nxd7 Qxd7 20. Qb3 b5 21. h4
Rc7 22. h5 h6 23. f4 Rfc8 24. f5 Bg5 25. Rce1 Qd6 26. fxe6 fxe6 27. Kh2 Bh4 28.
Rf4 Bg5 29. Rf2 Ne5 1/2-1/2

[Event "Campionatul National de sah pe echipe f"]
[Site "Mamaia-Constanta"]
[Date "2013.09.05"]
[Round "6.2"]
[White "Olea, Liliana"]
[Black "Baciu, Anca-Otilia"]
[Result "0-1"]
[WhiteElo "1888"]
[BlackElo "2126"]
[PlyCount "50"]
[EventDate "2013.08.31"]
[EventRounds "9"]
[WhiteTeam "CS UNIVERSITATEA ARAD"]
[BlackTeam "CLUBUL CENTRAL DE SAH BUCURESTI"]

1. e4 c5 2. g3 d5 3. Bg2 dxe4 4. Bxe4 Nf6 5. Bg2 e5 6. Qe2 Bd6 7. d3 Nc6 8.
Bxc6+ bxc6 9. Nc3 O-O 10. Qf3 Rb8 11. Nge2 Nd5 12. a3 Be6 13. O-O Qd7 14. Re1
f5 15. Qg2 f4 16. f3 Bh3 17. Qf2 fxg3 18. hxg3 Bg4 19. f4 exf4 20. Nxf4 Nxc3
21. bxc3 g5 22. Be3 gxf4 23. gxf4 Qf5 24. c4 Rb7 25. Rab1 Rg7 0-1

[Event "Campionatul National de sah pe echipe f"]
[Site "Mamaia-Constanta"]
[Date "2013.09.05"]
[Round "6.1"]
[White "Danielian, Elina"]
[Black "Cosma, Elena-Luminita"]
[Result "1-0"]
[WhiteElo "2470"]
[BlackElo "2328"]
[PlyCount "73"]
[EventDate "2013.08.31"]
[EventRounds "9"]
[WhiteTeam "CS AEM LUXTEN TIMISOARA"]
[BlackTeam "ACS SAH APA NOVA BUCURESTI"]

1. d4 d5 2. c4 e6 3. Nc3 Nf6 4. Nf3 c5 5. cxd5 Nxd5 6. e4 Nxc3 7. bxc3 cxd4 8.
cxd4 Bb4+ 9. Bd2 Bxd2+ 10. Qxd2 O-O 11. Rc1 Nd7 12. Bd3 b6 13. O-O Bb7 14. Qe3
Rc8 15. e5 h6 16. Nd2 Rxc1 17. Rxc1 Qb8 18. Ne4 Rc8 19. Rf1 Bxe4 20. Qxe4 Nf8
21. f4 Qa8 22. Qxa8 Rxa8 23. Kf2 Rc8 24. Ke3 Ng6 25. Bxg6 fxg6 26. g4 Rc3+ 27.
Ke4 Rc2 28. f5 gxf5+ 29. gxf5 Kf7 30. fxe6+ Kxe6 31. d5+ Ke7 32. e6 Kd6 33. Rf7
Rc4+ 34. Kf5 Kxd5 35. Rd7+ Kc6 36. Rd8 Rc5+ 37. Ke4 1-0

[Event "Campionatul National de sah pe echipe f"]
[Site "Mamaia-Constanta"]
[Date "2013.09.05"]
[Round "6.2"]
[White "Chirita, Andra-Marina"]
[Black "Foisor, Cristina-Adela"]
[Result "0-1"]
[WhiteElo "2024"]
[BlackElo "2391"]
[PlyCount "76"]
[EventDate "2013.08.31"]
[EventRounds "9"]
[WhiteTeam "ACS SAH APA NOVA BUCURESTI"]
[BlackTeam "CS AEM LUXTEN TIMISOARA"]

1. d4 d5 2. c4 c6 3. Nc3 e6 4. Nf3 f5 5. Bf4 Nf6 6. e3 Be7 7. Bd3 O-O 8. O-O
Ne4 9. cxd5 exd5 10. Qb3 Kh8 11. Bxe4 fxe4 12. Ne5 Nd7 13. Nxd7 Qxd7 14. f3
exf3 15. Rxf3 b6 16. Qa4 Qe8 17. Raf1 Bg4 18. R3f2 Bh4 19. g3 Bf6 20. b4 Bh3
21. b5 Bxf1 22. Kxf1 c5 23. Nxd5 Qe4 24. Nxf6 Rxf6 25. Kg1 cxd4 26. exd4 Rd8
27. Qxa7 Qxd4 28. Qe7 Kg8 29. Be3 Qd1+ 30. Kg2 Qd5+ 31. Kg1 Rxf2 32. Bxf2 Rf8
33. a4 h6 34. Qe3 Qd1+ 35. Kg2 Qxa4 36. Qxb6 Qe4+ 37. Kg1 Ra8 38. Bd4 Ra2 0-1

[Event "Campionatul National de sah pe echipe f"]
[Site "Mamaia-Constanta"]
[Date "2013.09.05"]
[Round "6.3"]
[White "Voicu-Jagodzinsky, Carmen"]
[Black "Ilie, Maria-Ruxandra"]
[Result "1-0"]
[WhiteElo "2296"]
[BlackElo "2011"]
[PlyCount "87"]
[EventDate "2013.08.31"]
[EventRounds "9"]
[WhiteTeam "CS AEM LUXTEN TIMISOARA"]
[BlackTeam "ACS SAH APA NOVA BUCURESTI"]

1. e4 c5 2. Nf3 e6 3. d3 Nc6 4. g3 d6 5. Bg2 g6 6. c3 Bg7 7. Be3 Nge7 8. Qd2 h6
9. O-O Qc7 10. Na3 a6 11. d4 cxd4 12. Nxd4 d5 13. Rfe1 dxe4 14. Bxe4 e5 15.
Nxc6 Nxc6 16. Nc4 Be6 17. Nd6+ Kf8 18. Nxb7 f5 19. Nc5 Bf7 20. Qd7 Rc8 21. Qxc7
Rxc7 22. Nxa6 Rc8 23. Bc2 Na5 24. Red1 Kg8 25. Rd7 Bc4 26. Nc7 Nc6 27. Nd5 Rd8
28. Rxd8+ Nxd8 29. Nb6 Be6 30. a4 Nc6 31. a5 Kf7 32. a6 Na7 33. c4 Rb8 34. b4
f4 35. Bc5 e4 36. Rd1 Bc3 37. Nd5 Bxd5 38. Rxd5 Bxb4 39. Bxa7 Ra8 40. Rd7+ Ke6
41. Bxe4 Rc8 42. Rd1 fxg3 43. hxg3 Ke5 44. Bd5 1-0

[Event "Campionatul National de sah pe echipe f"]
[Site "Mamaia-Constanta"]
[Date "2013.09.05"]
[Round "6.4"]
[White "Serbanescu, Diana-Maria"]
[Black "Foisor, Mihaela-Veronica"]
[Result "0-1"]
[WhiteElo "1941"]
[BlackElo "2212"]
[PlyCount "146"]
[EventDate "2013.08.31"]
[EventRounds "9"]
[WhiteTeam "ACS SAH APA NOVA BUCURESTI"]
[BlackTeam "CS AEM LUXTEN TIMISOARA"]

1. e4 e6 2. d4 d5 3. e5 c5 4. c3 Nc6 5. Nf3 Bd7 6. a3 Nge7 7. Bd3 c4 8. Bc2 Na5
9. Bg5 Qb6 10. Bxe7 Bxe7 11. Qc1 Nb3 12. Bxb3 Qxb3 13. Nbd2 Qb6 14. a4 a5 15.
Qc2 Qc7 16. O-O f5 17. exf6 gxf6 18. Rfe1 Kf7 19. Nf1 Rag8 20. Qe2 h5 21. Nh4
Qf4 22. Nf3 h4 23. g3 Bd6 24. Qe3 Qf5 25. N3d2 Rh5 26. Qf3 Qxf3 27. Nxf3 Bc6
28. Ne3 b6 29. Kf1 hxg3 30. hxg3 Rh1+ 31. Ke2 Rxe1+ 32. Kxe1 Rh8 33. Nh4 Bf4
34. Neg2 Bg5 35. f4 Bxh4 36. Nxh4 e5 37. fxe5 fxe5 38. dxe5 Rh5 39. Kf2 Rxe5
40. Nf3 Re8 41. Nd4 Bd7 42. Rh1 $11 Kg6 43. Ne2 Kg7 44. Nd4 Re5 45. Nf3 Rf5 46.
Ke3 Bxa4 47. Nd4 Re5+ 48. Kd2 Bd7 49. Re1 Rxe1 50. Kxe1 Kf6 51. Kd2 Ke5 52. Ke3
b5 53. Nf3+ Kd6 54. Kd4 b4 55. cxb4 axb4 56. Nd2 Be6 57. g4 Ke7 58. g5 Kf7 59.
Kc5 c3 60. bxc3 bxc3 61. Nb3 c2 62. Kd4 Kg6 63. Kd3 Bf5+ 64. Kd2 Kxg5 65. Nd4
Kf4 66. Ne2+ Ke5 67. Nc3 Bg6 68. Ne2 d4 69. Ng3 Kd5 70. Ne2 Kc4 71. Nf4 Kb3 72.
Kc1 d3 73. Kd2 Kb2 0-1

[Event "Campionatul National de sah pe echipe f"]
[Site "Mamaia-Constanta"]
[Date "2013.09.05"]
[Round "6.1"]
[White "Raeva, Elitsa"]
[Black "Cmilyte, Viktorija"]
[Result "1-0"]
[WhiteElo "2292"]
[BlackElo "2497"]
[PlyCount "77"]
[EventDate "2013.08.31"]
[EventRounds "9"]
[WhiteTeam "CS  SÎNANDREI"]
[BlackTeam "CS POLITEHNICA-ANTIBIOTICE IASI"]

1. c4 f5 2. Nc3 Nf6 3. d4 e6 4. Nf3 Bb4 5. Qc2 b6 6. e3 Bb7 7. Bd3 O-O 8. Bd2
Bxc3 9. Bxc3 Ne4 10. O-O-O Qf6 11. Bxe4 Bxe4 12. Qe2 b5 13. d5 Qe7 14. Nd2 exd5
15. cxb5 Qf7 16. f3 d4 17. Nxe4 Qxa2 18. Rxd4 fxe4 19. Rxe4 a6 20. Rd1 Qf7 21.
Rg4 g6 22. Qd3 c5 23. Qe4 d5 24. Qxd5 Qxd5 25. Rxd5 axb5 26. Rxc5 b4 27. Rxb4
Na6 28. Rb7 Rxf3 29. gxf3 Nxc5 30. Rg7+ Kf8 31. Rxh7 Ra1+ 32. Kc2 Rf1 33. f4
Rf2+ 34. Kb1 Re2 35. Bd4 Nb3 36. Bc3 Nc5 37. Rg7 Rxe3 38. Rxg6 Re2 39. f5 1-0

[Event "Campionatul National de sah pe echipe f"]
[Site "Mamaia-Constanta"]
[Date "2013.09.05"]
[Round "6.3"]
[White "Rendi, Eva"]
[Black "L'ami, Alina"]
[Result "0-1"]
[WhiteElo "2101"]
[BlackElo "2358"]
[PlyCount "60"]
[EventDate "2013.08.31"]
[EventRounds "9"]
[WhiteTeam "CS  SÎNANDREI"]
[BlackTeam "CS POLITEHNICA-ANTIBIOTICE IASI"]

1. e4 e6 2. d4 d5 3. exd5 exd5 4. Bd3 Nc6 5. c3 Bd6 6. Nf3 Bg4 7. h3 Bh5 8. O-O
Nge7 9. Re1 Qd7 10. Nbd2 f6 11. Qc2 O-O-O 12. b4 Rde8 13. b5 Nd8 14. a4 g5 15.
a5 g4 16. b6 a6 17. Rxe7 Qxe7 18. Bf5+ Kb8 19. hxg4 Bg6 20. c4 Bxf5 21. gxf5
dxc4 22. Qxc4 cxb6 23. axb6 h5 24. Ba3 Nc6 25. Bxd6+ Qxd6 26. Nb3 Qb4 27. Qc1
Qxb3 28. Qf4+ Ka8 29. Qd6 Qxb6 30. d5 Re2 0-1

[Event "Campionatul National de sah pe echipe f"]
[Site "Mamaia-Constanta"]
[Date "2013.09.05"]
[Round "6.4"]
[White "Padurariu, Ioana-Smaranda"]
[Black "Nevednicii, Alexandra"]
[Result "1-0"]
[WhiteElo "2205"]
[BlackElo "1682"]
[PlyCount "134"]
[EventDate "2013.08.31"]
[EventRounds "9"]
[WhiteTeam "CS POLITEHNICA-ANTIBIOTICE IASI"]
[BlackTeam "CS  SÎNANDREI"]

1. e4 e5 2. Nf3 Nc6 3. Bb5 a6 4. Ba4 Nf6 5. d3 b5 6. Bb3 Bc5 7. O-O d6 8. c3
Bb6 9. Be3 Bxe3 10. fxe3 O-O 11. Nbd2 d5 12. exd5 Nxd5 13. Qe2 Bg4 14. h3 Bh5
15. Ne4 Kh8 16. Qf2 f6 17. Rae1 Nce7 18. Nc5 Qd6 19. d4 exd4 20. exd4 Rfe8 21.
Re6 Qd8 22. Nd2 Bg6 23. Rfe1 c6 24. Nf1 Bf7 25. R6e2 Qd6 26. Ng3 Ng8 27. Nf5
Qc7 28. Rxe8 Rxe8 29. Rxe8 Bxe8 30. Nxa6 Qc8 31. Nc5 Bg6 32. Nd6 Qb8 33. Qg3
Qa8 34. a3 Nge7 35. Qe1 Nc8 36. Qe6 Nxd6 37. Qxd6 Bf7 38. Nd7 Qe8 39. Qb8 Qxb8
40. Nxb8 Be8 41. Bxd5 cxd5 42. Na6 Kg8 43. Nb4 Bf7 44. Kf2 Kf8 45. Ke3 Ke7 46.
Nd3 Kd6 47. Nc5 Be8 48. b3 Bc6 49. g3 Be8 50. h4 Bc6 51. Kd3 Be8 52. a4 bxa4
53. Nxa4 Bb5+ 54. Ke3 h5 55. Nb2 g5 56. c4 dxc4 57. bxc4 Be8 58. Nd3 Bg6 59.
Nb4 gxh4 60. gxh4 Bf5 61. c5+ Kc7 62. d5 Bh3 63. Kd4 Kd7 64. d6 Kc8 65. c6 Kd8
66. Kc5 Kc8 67. Nd5 Kd8 1-0

[Event "Campionatul National de sah pe echipe f"]
[Site "Mamaia-Constanta"]
[Date "2013.09.05"]
[Round "6.3"]
[White "Craciun, Paula-Iulia"]
[Black "Anusca, Madalina-Maria"]
[Result "1-0"]
[WhiteElo "2117"]
[BlackElo "2042"]
[PlyCount "125"]
[EventDate "2013.08.31"]
[EventRounds "9"]
[WhiteTeam "CSM LUGOJ"]
[BlackTeam "CSM BUCURESTI"]

1. e4 e6 2. d4 d5 3. Nd2 dxe4 4. Nxe4 Nd7 5. Nf3 Ngf6 6. Nxf6+ Nxf6 7. Bd3 Be7
8. O-O O-O 9. Re1 b6 10. c3 Bb7 11. Bf4 c5 12. Be5 Nd7 13. Qe2 cxd4 14. Bxd4
Bf6 15. Rad1 Qc7 16. Bb1 Rfd8 17. h4 Bxd4 18. Nxd4 Nf6 19. Bc2 h5 20. Qe5 Qxe5
21. Rxe5 Rd5 22. Rxd5 Bxd5 23. b3 Be4 24. Bxe4 Nxe4 25. Ne2 Rc8 26. c4 Nf6 27.
Nc3 Kf8 28. Kf1 Ke7 29. Ke2 a6 30. Na4 b5 31. Nb2 Ne4 32. Rc1 b4 33. Na4 Nc5
34. Nxc5 Rxc5 35. Kd3 Ra5 36. Rc2 Kd6 37. Kd4 f6 38. g3 g6 39. Rd2 Kc6 40. Rc2
Kd6 41. c5+ Kc6 42. f4 Rb5 43. Re2 Kd7 44. Kc4 Rb8 45. Rd2+ Kc7 46. Rd6 Re8 47.
Kxb4 e5 48. fxe5 fxe5 49. Rd3 Kc6 50. Kc4 e4 51. Re3 a5 52. a3 g5 53. b4 axb4
54. axb4 g4 55. b5+ Kc7 56. Kd5 Rd8+ 57. Kxe4 Rb8 58. b6+ Kc6 59. Kd4 Rd8+ 60.
Kc4 Rd1 61. Re6+ Kb7 62. Re7+ Kb8 63. c6 1-0

[Event "Campionatul National de sah pe echipe f"]
[Site "Mamaia-Constanta"]
[Date "2013.09.05"]
[Round "6.4"]
[White "Morea, Georgiana-Steluta"]
[Black "Lolici, Iselin-Amanda"]
[Result "0-1"]
[WhiteElo "1881"]
[BlackElo "1931"]
[PlyCount "68"]
[EventDate "2013.08.31"]
[EventRounds "9"]
[WhiteTeam "CSM BUCURESTI"]
[BlackTeam "CSM LUGOJ"]

1. d4 g6 2. Nf3 Bg7 3. g3 d6 4. Bg2 Nd7 5. c4 e5 6. O-O Ne7 7. Nc3 O-O 8. e4 h6
9. Be3 f5 10. Qd2 Kh7 11. Rad1 fxe4 12. Nxe4 Nf5 13. dxe5 Nxe3 14. Qxe3 Nxe5
15. Nxe5 Bxe5 16. c5 Bxb2 17. cxd6 cxd6 18. Nxd6 Qc7 19. Nxc8 Rfxc8 20. Rb1 Re8
21. Qd2 Bg7 22. Rxb7 Qe5 23. Rd7 Rab8 24. Rxa7 Rb2 25. Qd7 Rf8 26. a4 Qf6 27.
Rb7 Rd8 28. Qc7 Rdd2 29. Rxb2 Qxb2 30. a5 Rc2 31. Qb6 Bd4 32. Be4 Bxb6 33. Bxc2
Qxc2 34. axb6 Qb3 0-1

[Event "Campionatul National de sah pe echipe f"]
[Site "Mamaia-Constanta"]
[Date "2013.09.05"]
[Round "6.1"]
[White "Adam, Andrea"]
[Black "Atalik, Ekaterina"]
[Result "0-1"]
[WhiteElo "1921"]
[BlackElo "2431"]
[PlyCount "74"]
[EventDate "2013.08.31"]
[EventRounds "9"]
[WhiteTeam "CSS TG. MURES"]
[BlackTeam "CS STUD. MEDICINA TIMISOARA"]

1. e4 c5 2. c3 e6 3. d4 d5 4. e5 Nc6 5. Bb5 Qb6 6. Ba4 Bd7 7. Ne2 Nh6 8. Bc2
cxd4 9. cxd4 Nb4 10. Bb3 Nf5 11. O-O Nc6 12. Be3 h5 13. Nbc3 h4 14. h3 Be7 15.
Bc2 Nxe3 16. fxe3 Nxe5 17. dxe5 Qxe3+ 18. Kh1 Qxe5 19. Ba4 Bc6 20. Nb5 O-O 21.
Nbd4 Bxa4 22. Qxa4 Rac8 23. Rac1 Bd6 24. Kg1 Qh2+ 25. Kf2 Bg3+ 26. Kf3 Rxc1 27.
Rxc1 e5 28. Nf5 e4+ 29. Ke3 Qxg2 30. Nexg3 hxg3 31. Ne7+ Kh8 32. Nxd5 Qf3+ 33.
Kd4 Qd3+ 34. Ke5 g2 35. Qd1 Qxh3 36. Kxe4 Rd8 37. Kd4 Qf5 0-1

[Event "Campionatul National de sah pe echipe f"]
[Site "Mamaia-Constanta"]
[Date "2013.09.05"]
[Round "6.2"]
[White "Sandu, Mihaela"]
[Black "Jakab, Tunde"]
[Result "1-0"]
[WhiteElo "2254"]
[BlackElo "1777"]
[PlyCount "59"]
[EventDate "2013.08.31"]
[EventRounds "9"]
[WhiteTeam "CS STUD. MEDICINA TIMISOARA"]
[BlackTeam "CSS TG. MURES"]

1. e4 e5 2. Nf3 Nc6 3. Bc4 Bc5 4. d3 d6 5. c3 Nf6 6. Bb3 Bg4 7. Nbd2 O-O 8. Nf1
h6 9. h3 Be6 10. Ng3 Bb6 11. Bc2 Nh7 12. O-O Ne7 13. Nh4 Qc8 14. d4 Bd7 15. Be3
Ng6 16. Nhf5 Nf6 17. Nh5 Nxh5 18. Qxh5 Bxf5 19. exf5 Nf4 20. Bxf4 exf4 21. f6
Qe6 22. fxg7 Kxg7 23. Rae1 Qf6 24. Qf3 c6 25. Re4 Rg8 26. Rxf4 Qe7 27. Re4 Qd8
28. Rfe1 Kf8 29. Qf4 Qg5 30. Qxd6+ 1-0

[Event "Campionatul National de sah pe echipe f"]
[Site "Mamaia-Constanta"]
[Date "2013.09.05"]
[Round "6.4"]
[White "Visanescu, Daria-Ioana"]
[Black "Magarin, Semela-Amara"]
[Result "1-0"]
[WhiteElo "2076"]
[BlackElo "1426"]
[PlyCount "21"]
[EventDate "2013.08.31"]
[EventRounds "9"]
[WhiteTeam "CS STUD. MEDICINA TIMISOARA"]
[BlackTeam "CSS TG. MURES"]

1. e4 e5 2. Nf3 Nc6 3. Bc4 Nf6 4. d4 exd4 5. e5 Ng4 6. Bxf7+ Kxf7 7. Ng5+ Ke8
8. Qxg4 Qe7 9. O-O h6 10. Qh5+ Kd8 11. Nf7+ 1-0

[Event "Campionatul National de sah pe echipe f"]
[Site "Mamaia-Constanta"]
[Date "2013.09.06"]
[Round "7.1"]
[White "Atalik, Ekaterina"]
[Black "Marin, Irina-Luiza"]
[Result "1-0"]
[WhiteElo "2431"]
[BlackElo "2130"]
[PlyCount "171"]
[EventDate "2013.08.31"]
[EventRounds "9"]
[WhiteTeam "CS STUD. MEDICINA TIMISOARA"]
[BlackTeam "CLUBUL CENTRAL DE SAH BUCURESTI"]

1. d4 d6 2. e4 Nf6 3. Nc3 g6 4. Nf3 Bg7 5. Be2 O-O 6. O-O Bg4 7. h3 Bxf3 8.
Bxf3 e5 9. Ne2 Nc6 10. d5 Ne7 11. c4 Nd7 12. Nc3 f5 13. Rb1 f4 14. b4 Kh8 15.
c5 Nf6 16. Bb2 g5 17. Rc1 a6 18. cxd6 cxd6 19. b5 Ng6 20. bxa6 Rxa6 21. Nb5 Rb6
22. a4 Nh4 23. g3 Nxf3+ 24. Qxf3 fxg3 25. fxg3 Nxd5 26. Qd3 Nf6 27. Ba3 Qd7 28.
Rf5 Rc6 29. Rcf1 Rfc8 30. g4 d5 31. exd5 Nxd5 32. Rd1 Rd8 33. Rxg5 Ra6 34. Rh5
Nf6 35. Rxh7+ Nxh7 36. Qxd7 Rxd7 37. Rxd7 Nf6 38. Rxb7 Rxa4 39. g5 Nd5 40. g6
Bf6 41. Bf8 Nf4 42. Rf7 Bg5 43. Bg7+ Kg8 44. Bxe5 Nxh3+ 45. Kg2 Nf4+ 46. Kf3
Ra5 47. Rb7 Nxg6 48. Rg7+ Kf8 49. Rxg6 Rxb5 50. Rxg5 Kf7 51. Ke4 Ke6 52. Rg6+
Kd7 53. Rg7+ Ke6 54. Rh7 Rb4+ 55. Bd4 Rb5 56. Rh6+ Kd7 57. Be5 Ra5 58. Rd6+ Ke7
59. Kf5 Rb5 60. Rc6 Kd7 61. Rc7+ Kd8 62. Rh7 Rb1 63. Ke6 Rb6+ 64. Bd6 Kc8 65.
Ra7 Rc6 66. Kd5 Rb6 67. Rc7+ Kd8 68. Rh7 Kc8 69. Rc7+ Kb8 70. Kc5 Rb7 71. Rc6+
Ka7 72. Rc8 Ka6 73. Bc7 Rb5+ 74. Kc6 Rb7 75. Ra8+ Ra7 76. Re8 Rb7 77. Re5 Rb6+
78. Kd7 Rb5 79. Re8 Rc5 80. Re3 Kb5 81. Bd6 Rd5 82. Re4 Rh5 83. Rb4+ Ka5 84.
Kc6 Rh6 85. Rg4 Rf6 86. Rg3 1-0

[Event "Campionatul National de sah pe echipe f"]
[Site "Mamaia-Constanta"]
[Date "2013.09.06"]
[Round "7.2"]
[White "Baciu, Anca-Otilia"]
[Black "Sandu, Mihaela"]
[Result "0-1"]
[WhiteElo "2126"]
[BlackElo "2254"]
[PlyCount "83"]
[EventDate "2013.08.31"]
[EventRounds "9"]
[WhiteTeam "CLUBUL CENTRAL DE SAH BUCURESTI"]
[BlackTeam "CS STUD. MEDICINA TIMISOARA"]

1. e4 c5 2. Nf3 d6 3. d4 cxd4 4. Nxd4 Nf6 5. Nc3 a6 6. Be2 g6 7. Be3 Bg7 8. a4
Nc6 9. O-O O-O 10. f4 Bd7 11. Nb3 Na5 12. Nxa5 Qxa5 13. Bf3 Bc6 14. Qd3 Rac8
15. Bd4 Nd7 16. Bxg7 Kxg7 17. Kh1 Qb4 18. Rfd1 Nc5 19. Qe3 Kg8 20. a5 Ne6 21.
f5 Ng7 22. fxg6 hxg6 23. b3 Ne8 24. Rd2 Nf6 25. Nd5 Bxd5 26. exd5 Qc3 27. Qe1
Rc5 28. Rad1 Re8 29. Qh4 Rxa5 30. Re2 Ra1 31. Rxa1 Qxa1+ 32. Re1 Qc3 33. Qf2
Nd7 34. Re3 Qf6 35. c4 b5 36. Qa2 bxc4 37. bxc4 Rc8 38. Re1 Qc3 39. Ra1 Ne5 40.
Rf1 Nxf3 41. gxf3 a5 42. Qe2 0-1

[Event "Campionatul National de sah pe echipe f"]
[Site "Mamaia-Constanta"]
[Date "2013.09.06"]
[Round "7.1"]
[White "Peptan, Corina-Isabela"]
[Black "Adam, Andrea"]
[Result "1-0"]
[WhiteElo "2434"]
[BlackElo "1921"]
[PlyCount "39"]
[EventDate "2013.08.31"]
[EventRounds "9"]
[WhiteTeam "CSM BUCURESTI"]
[BlackTeam "CSS TG. MURES"]

1. Nf3 d5 2. d4 g6 3. c4 Nf6 4. cxd5 Qxd5 5. Nc3 Qd8 6. e4 Bg7 7. Be2 O-O 8. h3
c6 9. O-O Be6 10. Be3 Nbd7 11. Ng5 Qc7 12. Nxe6 fxe6 13. Qb3 Kf7 14. Bc4 Kg8
15. Bxe6+ Kh8 16. e5 Ng8 17. Rac1 Nb6 18. Ne4 Qd8 19. Bxg8 Rxg8 20. Ng5 1-0

[Event "Campionatul National de sah pe echipe f"]
[Site "Mamaia-Constanta"]
[Date "2013.09.06"]
[Round "7.2"]
[White "Jakab, Tunde"]
[Black "Ionescu, Irina"]
[Result "0-1"]
[WhiteElo "1777"]
[BlackElo "2229"]
[PlyCount "58"]
[EventDate "2013.08.31"]
[EventRounds "9"]
[WhiteTeam "CSS TG. MURES"]
[BlackTeam "CSM BUCURESTI"]

1. e4 d5 2. exd5 Qxd5 3. Nc3 Qa5 4. Nf3 Nf6 5. d4 c6 6. Bf4 Bf5 7. Bd3 e6 8.
O-O Nbd7 9. Re1 Bxd3 10. Qxd3 Bb4 11. a3 Bxc3 12. bxc3 O-O 13. Rab1 Nb6 14. c4
Rfd8 15. Qb3 Rd7 16. c3 h6 17. Ne5 Re7 18. Nd3 Qf5 19. Re3 Rd8 20. Rf3 Qh7 21.
Qb4 Nc8 22. Bb8 Ne4 23. Bf4 g5 24. Bc1 f5 25. Nc5 Nxc5 26. Qxc5 f4 27. Rb2 e5
28. Re2 g4 29. Rxe5 gxf3 0-1

[Event "Campionatul National de sah pe echipe f"]
[Site "Mamaia-Constanta"]
[Date "2013.09.06"]
[Round "7.3"]
[White "Anusca, Madalina-Maria"]
[Black "Magarin, Semela-Amara"]
[Result "1-0"]
[WhiteElo "2042"]
[BlackElo "1426"]
[PlyCount "69"]
[EventDate "2013.08.31"]
[EventRounds "9"]
[WhiteTeam "CSM BUCURESTI"]
[BlackTeam "CSS TG. MURES"]

1. c4 e5 2. g3 d6 3. Bg2 Nf6 4. Nc3 Be7 5. Nf3 Nbd7 6. O-O O-O 7. d3 h6 8. Bd2
a6 9. b4 c6 10. Qb3 b5 11. Nh4 Bb7 12. cxb5 Qc8 13. Rfc1 c5 14. bxa6 Bxg2 15.
Nxg2 Qxa6 16. b5 Qa3 17. Qxa3 Rxa3 18. Ne3 Nb6 19. Nc2 Ra7 20. a4 Rfa8 21. a5
Nbd5 22. Nxd5 Nxd5 23. e4 Nf6 24. Ne3 Bd8 25. Nc4 Be7 26. a6 Nd7 27. Rcb1 Rb8
28. Na5 Rc7 29. Nc6 Re8 30. Nxe7+ Rxe7 31. b6 Nxb6 32. Rxb6 Red7 33. Ba5 Ra7
34. Rb8+ Kh7 35. Bb6 1-0

[Event "Campionatul National de sah pe echipe f"]
[Site "Mamaia-Constanta"]
[Date "2013.09.06"]
[Round "7.4"]
[White "Petculescu, Carina-Stefania"]
[Black "Moldovan, Petruta-Alisia"]
[Result "0-1"]
[WhiteElo "1001"]
[BlackElo "1694"]
[PlyCount "67"]
[EventDate "2013.08.31"]
[EventRounds "9"]
[WhiteTeam "CSS TG. MURES"]
[BlackTeam "CSM BUCURESTI"]

1. e4 c5 2. Nf3 e6 3. d4 cxd4 4. Nxd4 Nc6 5. Be3 Qc7 6. Nc3 a6 7. Be2 Nf6 8.
O-O Bb4 9. f3 Bxc3 10. bxc3 d5 11. Bg5 Ne7 12. Bxf6 gxf6 13. exd5 Nxd5 14. Qd3
Nxc3 15. Qc4 Nxe2+ 16. Qxe2 Bd7 17. Kh1 O-O 18. g4 e5 19. Nf5 Bxf5 20. gxf5
Rac8 21. Rg1+ Kh8 22. Rac1 Qc4 23. Qg2 Rg8 24. Qh3 Qf4 25. Rxg8+ Rxg8 26. Rg1
Rxg1+ 27. Kxg1 Qe3+ 28. Kf1 e4 29. Kg2 Qe2+ 30. Kg3 Qxf3+ 31. Kh4 Qf4+ 32. Qg4
Qxh2+ 33. Qh3 Qxh3+ 34. Kxh3 0-1

[Event "Campionatul National de sah pe echipe f"]
[Site "Mamaia-Constanta"]
[Date "2013.09.06"]
[Round "7.1"]
[White "Cmilyte, Viktorija"]
[Black "Papp, Petra"]
[Result "1-0"]
[WhiteElo "2497"]
[BlackElo "2276"]
[PlyCount "61"]
[EventDate "2013.08.31"]
[EventRounds "9"]
[WhiteTeam "CS POLITEHNICA-ANTIBIOTICE IASI"]
[BlackTeam "CSM LUGOJ"]

1. c4 g6 2. d4 Nf6 3. Nc3 d5 4. Nf3 Bg7 5. cxd5 Nxd5 6. Bd2 Nb6 7. Qc1 h6 8. e4
Bg4 9. Ne5 Be6 10. Be3 N8d7 11. Nxd7 Bxd7 12. a4 a5 13. Be2 f5 14. O-O e6 15.
Bf3 c6 16. Re1 f4 17. Bxf4 Bxd4 18. e5 Bxc3 19. bxc3 Nd5 20. Bd2 Kf7 21. Rb1
Rb8 22. c4 Nb4 23. Bxb4 axb4 24. Qf4+ Kg7 25. Red1 Rf8 26. Qd4 Rf7 27. c5 Qg5
28. h4 Qf5 29. Rxb4 Qc2 30. Rb2 Qf5 31. Bg4 1-0

[Event "Campionatul National de sah pe echipe f"]
[Site "Mamaia-Constanta"]
[Date "2013.09.06"]
[Round "7.2"]
[White "Jicman, Ligia-Letitia"]
[Black "Bulmaga, Irina"]
[Result "0-1"]
[WhiteElo "2143"]
[BlackElo "2410"]
[PlyCount "88"]
[EventDate "2013.08.31"]
[EventRounds "9"]
[WhiteTeam "CSM LUGOJ"]
[BlackTeam "CS POLITEHNICA-ANTIBIOTICE IASI"]

1. e4 c5 2. c3 d6 3. Nf3 Nf6 4. e5 dxe5 5. Nxe5 e6 6. d4 cxd4 7. cxd4 Bb4+ 8.
Nc3 O-O 9. Be2 Nbd7 10. O-O Bxc3 11. bxc3 Qc7 12. Nxd7 Bxd7 13. c4 Bc6 14. Be3
Rac8 15. a4 Qa5 16. c5 Nd5 17. Bd2 Qc7 18. Ra3 Ne7 19. Qc1 Nf5 20. Bf4 Qd7 21.
Rd1 Bxa4 22. Rd2 a6 23. Bg4 Ne7 24. Qe1 Bc6 25. Bd6 Rfe8 26. Rg3 Nf5 27. Bxf5
exf5 28. Qa1 Qe6 29. h4 Qd5 30. Qd1 Re6 31. Rdd3 Rce8 32. Qd2 Kh8 33. h5 f6 34.
Rxg7 Kxg7 35. Rg3+ Kf7 36. Qh6 Re1+ 37. Kh2 Qe4 38. Qxh7+ Ke6 39. f3 Qb1 40.
Rg7 Rh1+ 41. Kg3 Qe1+ 42. Kf4 Rh4+ 43. Rg4 Rxg4+ 44. fxg4 Qf2# 0-1